| 000 | 00370nam a22001217a 4500 | ||
|---|---|---|---|
| 082 |
_a340.95491 _bQAZ |
||
| 100 | _aQazi, Mubeen Uddin | ||
| 245 |
_aManual of Military Laws in Pakistan : _b(amendment and case laws upto date) / _cMubeen Uddin Qazi |
||
| 260 |
_aIslamabad: _bMansoor Law Book House, _c2025. |
||
| 300 | _a1053 p. | ||
| 563 | _aHB. | ||
| 942 |
_2ddc _cBK |
||
| 999 |
_c614070 _d614070 |
||